[Event "Titled Tuesday intern op 12th Mar Late"]
[Site "Chess.com INT"]
[Date "2024.03.12"]
[Round "6"]
[White "Hernandez Amura, Gilberto"]
[Black "Harish, Neeraj"]
[Result "0-1"]
[WhiteElo "2198"]
[BlackElo "2090"]
[PlyCount "68"]
[EventDate "2024.03.12"]
[EventType "swiss (blitz)"]
[EventRounds "11"]
[EventCountry "USA"]
[SourceTitle "CB12_2024"]
[SourceDate "2023.10.01"]
[SourceVersion "1"]
[SourceVersionDate "2023.10.01"]
[SourceQuality "1"]

1. c4 g6 2. g3 Nf6 3. Bg2 Bg7 4. Nc3 c5 5. d3 0-0 6. Nf3 Nc6 7. 0-0 d5 8. Nd2 d4 9. Nce4 Nd7 10. g4 e5 11. g5 Qe7 12. a3 f5 13. gxf6 Nxf6 14. Nxf6+ Bxf6 15. Ne4 Bg7 16. Bg5 Qc7 17. Nxc5 h6 18. Bh4 g5 19. Bg3 Qe7 20. b4 Bd7 21. Nxd7 Qxd7 22. c5 Ne7 23. Qb3+ Kh7 24. b5 h5 25. h4 gxh4 26. Bxh4 Ng6 27. Bg3 h4 28. Bh2 Qg4 29. Kh1 h3 30. Bxb7 Rab8 31. Be4 Qxe2 32. Rg1 Rxf2 33. Bxg6+ Kh8 34. Bg3 Qf3+ 0-1

[Event "Titled Tuesday intern op 12th Mar Late"]
[Site "Chess.com INT"]
[Date "2024.03.12"]
[Round "11"]
[White "Novikova, Margarita"]
[Black "Hernandez Amura, Gilberto"]
[Result "1-0"]
[WhiteElo "1999"]
[BlackElo "2198"]
[PlyCount "71"]
[EventDate "2024.03.12"]
[EventType "swiss (blitz)"]
[EventRounds "11"]
[EventCountry "USA"]
[SourceTitle "CB12_2024"]
[SourceDate "2023.10.01"]
[SourceVersion "1"]
[SourceVersionDate "2023.10.01"]
[SourceQuality "1"]

1. e4 e6 2. d4 d5 3. exd5 exd5 4. Bd3 Nf6 5. Nf3 c5 6. 0-0 c4 7. Be2 Nc6 8. b3 cxb3 9. axb3 Bd6 10. Ba3 0-0 11. Bxd6 Qxd6 12. c4 Bg4 13. c5 Qf4 14. Qd2 Qf5 15. Nc3 Rfe8 16. Nb5 Ne4 17. Qb2 Re7 18. Rfe1 Rae8 19. Nxa7 Ng5 20. Nxc6 bxc6 21. Nxg5 Bxe2 22. h4 h6 23. Nh3 Bg4 24. Rxe7 Rxe7 25. Qc3 Re2 26. Qg3 g6 27. Nf4 Re4 28. Nd3 Rxd4 29. Ne5 h5 30. Nxc6 Qf6 31. Nxd4 Qxd4 32. Rc1 Qd2 33. Qe3 Qa5 34. c6 Qc7 35. b4 Kh7 36. b5 1-0

[Event "Mendoza Bermejo Memorial"]
[Site "Mendoza"]
[Date "2023.05.21"]
[Round "7"]
[White "Hernandez Amura, Gilberto"]
[Black "Acosta, Pablo Ismael"]
[Result "0-1"]
[WhiteElo "2188"]
[BlackElo "2491"]
[PlyCount "114"]
[EventDate "2023.05.18"]
[EventType "swiss"]
[EventRounds "7"]
[EventCountry "ARG"]
[SourceTitle "CBM 214 Extra"]
[Source "ChessBase"]
[SourceDate "2023.07.31"]
[SourceVersion "1"]
[SourceVersionDate "2023.07.31"]
[SourceQuality "1"]

1. e4 e5 2. Nc3 Nc6 3. Nf3 d6 4. d3 g6 5. g3 Bg7 6. Bg2 Nge7 7. Be3 h6 8. h3 Kf8 9. d4 Kg8 10. dxe5 dxe5 11. Qxd8+ Nxd8 12. Rd1 Kh7 13. Kd2 Ne6 14. Kc1 Rf8 15. Nd5 Nc6 16. Rhe1 b6 17. Nh4 Bb7 18. f4 exf4 19. gxf4 g5 20. f5 gxh4 21. fxe6 Be5 22. e7 Rg8 23. Bf3 Rae8 24. Bh5 Rg7 25. Rf1 Nxe7 26. Nf6+ Bxf6 27. Rxf6 Bxe4 28. Bxh6 Rg2 29. Rd7 Bg6 30. Be3 Bxh5 31. Rh6+ Kg8 32. Rxh5 Ng6 33. Rd3 c5 34. b3 Rg3 35. Bf2 Rxd3 36. cxd3 Re2 37. Bxh4 Rxa2 38. Bf6 Rf2 39. Bc3 Kf8 40. d4 Nf4 41. Rh8+ Ke7 42. dxc5 Nd3+ 43. Kd1 bxc5 44. Ra8 f5 45. Rxa7+ Ke6 46. h4 Rh2 47. Ra6+ Kd5 48. Rf6 Ke4 49. Re6+ Kf3 50. Bd2 Nf2+ 51. Kc1 Ne4 52. Bg5 f4 53. b4 c4 54. b5 c3 55. b6 Nc5 56. Rc6 Nb3+ 57. Kd1 c2+ 0-1

[Event "Vicente Lopez ProAm 100 Years op"]
[Site "Buenos Aires"]
[Date "2022.10.16"]
[Round "7"]
[White "Romero Barreto, Jaime Jose"]
[Black "Hernandez Amura, Gilberto"]
[Result "1-0"]
[WhiteElo "2335"]
[BlackElo "2193"]
[PlyCount "47"]
[EventDate "2022.10.11"]
[EventType "swiss"]
[EventRounds "9"]
[EventCountry "ARG"]
[SourceTitle "CBM 210 Extra"]
[Source "ChessBase"]
[SourceDate "2022.11.30"]
[SourceVersion "1"]
[SourceVersionDate "2022.11.30"]
[SourceQuality "1"]

1. e4 e5 2. Nf3 Nc6 3. Bc4 Bc5 4. c3 Nf6 5. d4 exd4 6. e5 d5 7. Bb5 Ne4 8. cxd4 Bb6 9. Nc3 0-0 10. Be3 Bg4 11. h3 Bh5 12. Rc1 Ne7 13. Be2 Nf5 14. Qd3 Bg6 15. 0-0 Nxe3 16. Qxe3 c6 17. Bd3 f5 18. exf6 Rxf6 19. Ne5 c5 20. Nxd5 cxd4 21. Qe2 Re6 22. Nxg6 Ng5 23. Nge7+ Kh8 24. Qh5 1-0

[Event "ARG-ch sf 97th"]
[Site "Buenos Aires"]
[Date "2022.09.13"]
[Round "7"]
[White "Hernandez Amura, Gilberto"]
[Black "Ibarra, Juan Martin"]
[Result "1-0"]
[WhiteElo "2223"]
[BlackElo "2087"]
[PlyCount "87"]
[EventDate "2022.09.08"]
[EventType "swiss"]
[EventRounds "9"]
[EventCountry "ARG"]
[SourceTitle "CBM 210 Extra"]
[Source "ChessBase"]
[SourceDate "2022.11.30"]
[SourceVersion "1"]
[SourceVersionDate "2022.11.30"]
[SourceQuality "1"]

1. d4 d5 2. Nc3 Nf6 3. Bf4 e6 4. Nb5 Na6 5. e3 Be7 6. Nf3 0-0 7. Ne5 c6 8. Nc3 Qb6 9. Rb1 c5 10. dxc5 Nxc5 11. Be2 Nfe4 12. Nxe4 Nxe4 13. 0-0 f6 14. Nf3 Rd8 15. h3 e5 16. Bh2 Be6 17. a3 Rac8 18. c3 Nd6 19. g4 Nc4 20. Qc2 Na5 21. Rfe1 Qb3 22. Qxb3 Nxb3 23. Bd1 Na5 24. Kg2 Nc4 25. Bc2 Rc6 26. a4 Rb6 27. Re2 Bd7 28. Rd1 Rxb2 29. Rxd5 Be6 30. Rxd8+ Bxd8 31. Ne1 Rb6 32. f4 Bc7 33. g5 Rd6 34. gxf6 gxf6 35. Nf3 Bd5 36. e4 Bc6 37. Bb3 b5 38. fxe5 fxe5 39. Nxe5 Kg7 40. axb5 Nd2 41. Nxc6 Rg6+ 42. Kh1 Nf3 43. e5 Bb6 44. Rg2 1-0

[Event "ARG-chT"]
[Site "Villa Martelli"]
[Date "2021.11.21"]
[Round "2.1"]
[White "Flores, Diego"]
[Black "Hernandez Amura, Gilberto"]
[Result "1-0"]
[WhiteElo "2584"]
[BlackElo "2189"]
[PlyCount "71"]
[EventDate "2021.11.20"]
[EventType "team-tourn"]
[EventRounds "7"]
[EventCountry "ARG"]
[SourceTitle "EXT 2023"]
[Source "ChessBase"]
[SourceDate "2022.10.05"]
[SourceVersion "1"]
[SourceVersionDate "2022.10.05"]
[SourceQuality "1"]
[WhiteTeam "Obras AySa"]
[BlackTeam "Biferno Scacchi"]
[WhiteTeamCountry "ARG"]
[BlackTeamCountry "ARG"]

1. Nf3 Nf6 2. c4 c6 3. g3 d5 4. Bg2 e6 5. 0-0 Bd6 6. d4 Nbd7 7. Qc2 Ne4 8. Nc3 f5 9. Nxe4 dxe4 10. Ng5 Nf6 11. f3 Bc7 12. Be3 h6 13. Nh3 exf3 14. exf3 0-0 15. Rad1 a5 16. Rfe1 Re8 17. Bf4 Rb8 18. Be5 b6 19. Nf4 Qe7 20. Qe2 Bxe5 21. dxe5 Qc5+ 22. Kh1 Nd7 23. Rd6 Nf8 24. Rc1 Ba6 25. Qe1 b5 26. Nd3 Qb6 27. c5 Qc7 28. f4 Bb7 29. Qd2 Re7 30. Ne1 Rd7 31. Nf3 Rxd6 32. exd6 Qc8 33. Re1 Nd7 34. Qc3 Kf7 35. Nd4 Nf8 36. Nxf5 1-0

[Event "Villa Martelli ProAm op 28th"]
[Site "Villa Martelli"]
[Date "2021.11.06"]
[Round "3"]
[White "Spata, German"]
[Black "Hernandez Amura, Gilberto"]
[Result "1/2-1/2"]
[WhiteElo "2305"]
[BlackElo "2189"]
[PlyCount "59"]
[EventDate "2021.11.04"]
[EventType "swiss"]
[EventRounds "7"]
[EventCountry "ARG"]
[SourceTitle "CBM 205 Extra"]
[Source "ChessBase"]
[SourceDate "2022.01.31"]
[SourceVersion "1"]
[SourceVersionDate "2022.01.31"]
[SourceQuality "1"]

1. d4 Nf6 2. c4 c5 3. d5 e6 4. Nc3 exd5 5. cxd5 d6 6. Nf3 g6 7. Nd2 Bg7 8. e4 0-0 9. Be2 Na6 10. 0-0 Nc7 11. a4 b6 12. Nc4 Re8 13. Qc2 Ba6 14. Bf4 Bxc4 15. Bxc4 a6 16. Rfe1 Nh5 17. Be3 Qd7 18. Be2 Nf6 19. Bf3 b5 20. axb5 axb5 21. Rxa8 Nxa8 22. b4 cxb4 23. Na2 b3 24. Qxb3 Nxe4 25. Bxe4 Rxe4 26. Nc3 Re5 27. Nxb5 Qb7 28. Qa4 Nb6 29. Qa5 Qxd5 30. Qxb6 1/2-1/2

[Event "Montevideo Duchamp Cup 3rd"]
[Site "Montevideo"]
[Date "2019.02.16"]
[Round "9"]
[White "Hernandez Amura, Gilberto"]
[Black "Lujan, Carolina"]
[Result "0-1"]
[WhiteElo "2199"]
[BlackElo "2357"]
[PlyCount "80"]
[EventDate "2019.02.09"]
[EventType "swiss"]
[EventRounds "9"]
[EventCountry "URU"]
[SourceTitle "CBM 188 Extra"]
[Source "ChessBase"]
[SourceDate "2019.02.26"]
[SourceVersion "1"]
[SourceVersionDate "2019.02.26"]
[SourceQuality "1"]

1. e4 d6 2. d4 Nf6 3. Bd3 g6 4. Nf3 Bg7 5. c3 0-0 6. 0-0 c6 7. a4 b6 8. Re1 Qc7 9. Nbd2 Nbd7 10. Nf1 e5 11. Ng3 a5 12. Qe2 Re8 13. dxe5 dxe5 14. Bc4 Nf8 15. Ng5 Re7 16. Qc2 h6 17. Nf3 Be6 18. Nd2 Rd7 19. Bxe6 Nxe6 20. Nc4 b5 21. Na3 Rb8 22. f3 Bf8 23. Be3 Bc5 24. Qf2 Bf8 25. axb5 cxb5 26. Qf1 Bc5 27. Qf2 Kg7 28. Nf1 Qc6 29. Nc2 Bxe3 30. Qxe3 Qc7 31. Red1 b4 32. Rxd7 Nxd7 33. Qd2 Ndc5 34. Qd5 Rd8 35. Qc4 Qb6 36. Nce3 Nd3 37. cxb4 axb4 38. Ra6 Qd4 39. b3 Nef4 40. Rc6 Ne2+ 0-1

[Event "Montevideo Duchamp Cup 3rd"]
[Site "Montevideo"]
[Date "2019.02.12"]
[Round "5"]
[White "Hernandez Amura, Gilberto"]
[Black "Roselli Mailhe, Bernardo"]
[Result "0-1"]
[WhiteElo "2199"]
[BlackElo "2434"]
[PlyCount "80"]
[EventDate "2019.02.09"]
[EventType "swiss"]
[EventRounds "9"]
[EventCountry "URU"]
[SourceTitle "CBM 188 Extra"]
[Source "ChessBase"]
[SourceDate "2019.02.26"]
[SourceVersion "1"]
[SourceVersionDate "2019.02.26"]
[SourceQuality "1"]

1. d4 Nf6 2. Nf3 g6 3. c4 Bg7 4. Nc3 0-0 5. Bg5 c5 6. e3 Qa5 7. Qd2 d6 8. Be2 h6 9. Bh4 g5 10. Bg3 Nc6 11. d5 Nb8 12. 0-0 Nh5 13. Qc2 Nxg3 14. hxg3 a6 15. a4 Nd7 16. e4 Qc7 17. Nd1 Nf6 18. Nd2 e6 19. Ne3 exd5 20. exd5 Re8 21. Rfe1 Re7 22. Bd3 Bd7 23. Re2 Rae8 24. Rae1 Ng4 25. Ndf1 Bd4 26. Nxg4 Bxg4 27. Rxe7 Rxe7 28. Qd2 Qd7 29. Rxe7 Qxe7 30. Nh2 Bd7 31. b3 g4 32. Nf1 Kg7 33. Bc2 Qe5 34. Qd3 f5 35. Ne3 Kf6 36. Kf1 h5 37. Ke2 h4 38. gxh4 f4 39. Qh7 fxe3 40. Qxd7 exf2+ 0-1

[Event "Montevideo Duchamp Cup 3rd"]
[Site "Montevideo"]
[Date "2019.02.11"]
[Round "4"]
[White "Ramos Correa, Gabriel"]
[Black "Hernandez Amura, Gilberto"]
[Result "0-1"]
[WhiteElo "1920"]
[BlackElo "2199"]
[PlyCount "102"]
[EventDate "2019.02.09"]
[EventType "swiss"]
[EventRounds "9"]
[EventCountry "URU"]
[SourceTitle "CBM 188 Extra"]
[Source "ChessBase"]
[SourceDate "2019.02.26"]
[SourceVersion "1"]
[SourceVersionDate "2019.02.26"]
[SourceQuality "1"]

1. d4 Nf6 2. c4 c5 3. d5 e6 4. Nc3 exd5 5. e4 d6 6. cxd5 g6 7. Nf3 Bg7 8. h3 a6 9. a4 Nbd7 10. Bd3 Nh5 11. 0-0 Ne5 12. Be2 Nxf3+ 13. Bxf3 Qh4 14. Bg4 Bxg4 15. Qxg4 Qxg4 16. hxg4 Nf6 17. Bf4 Ke7 18. e5 Nxg4 19. exd6+ Kd7 20. a5 Be5 21. Bxe5 Nxe5 22. Ne4 Rac8 23. Rfc1 c4 24. Ra4 f5 25. Nd2 Kxd6 26. Nxc4+ Rxc4 27. Raxc4 Nxc4 28. Rxc4 Re8 29. Rb4 Re7 30. g3 Kxd5 31. Rb6 g5 32. Kg2 Ke4 33. Rb4+ Kd3 34. Kf3 Kd2 35. Rb6 Ke1 36. b4 Kf1 37. g4 fxg4+ 38. Kxg4 Kxf2 39. b5 axb5 40. Rxb5 Rg7 41. Rb6 h5+ 42. Kxh5 g4 43. a6 bxa6 44. Rxa6 g3 45. Ra2+ Kf3 46. Ra3+ Kg2 47. Kh4 Kh2 48. Rb3 g2 49. Rh3+ Kg1 50. Ra3 Kf2 51. Ra2+ Ke3 0-1

[Event "Montevideo Duchamp Cup 3rd"]
[Site "Montevideo"]
[Date "2019.02.10"]
[Round "3"]
[White "Hernandez Amura, Gilberto"]
[Black "Diaz Hollemaert, Nahuel Carlos"]
[Result "0-1"]
[WhiteElo "2199"]
[BlackElo "2426"]
[PlyCount "74"]
[EventDate "2019.02.09"]
[EventType "swiss"]
[EventRounds "9"]
[EventCountry "URU"]
[SourceTitle "CBM 188 Extra"]
[Source "ChessBase"]
[SourceDate "2019.02.26"]
[SourceVersion "1"]
[SourceVersionDate "2019.02.26"]
[SourceQuality "1"]

1. e4 e5 2. Nf3 Nc6 3. d4 exd4 4. Bc4 Nf6 5. e5 d5 6. Bb5 Ne4 7. Nxd4 Bd7 8. Bxc6 bxc6 9. 0-0 Be7 10. f3 Nc5 11. Be3 0-0 12. Nb3 Ne6 13. f4 f5 14. Nc3 Qb8 15. Ne2 Qb4 16. c3 Qc4 17. Na5 Qa6 18. b4 c5 19. Qxd5 Rad8 20. c4 cxb4 21. Nd4 Bc8 22. Nac6 Bc5 23. Nxd8 Rxd8 24. Nxf5 Rxd5 25. cxd5 Bxe3+ 26. Nxe3 Qd3 27. dxe6 Qxe3+ 28. Kh1 Bxe6 29. Rae1 Qd3 30. Rd1 Qf5 31. Rd8+ Kf7 32. Rb8 c5 33. Rb7+ Kg6 34. Rxa7 h5 35. h3 Bd5 36. Kg1 c4 37. Re1 Qc2 0-1

[Event "Villa Martelli ProAm op 24th"]
[Site "Villa Martelli"]
[Date "2017.10.06"]
[Round "7"]
[White "Hernandez Amura, Gilberto"]
[Black "Perez Ponsa, Federico"]
[Result "0-1"]
[WhiteElo "2166"]
[BlackElo "2594"]
[PlyCount "64"]
[EventDate "2017.10.01"]
[EventType "swiss"]
[EventRounds "9"]
[EventCountry "ARG"]
[SourceTitle "CBM 181 Extra"]
[Source "ChessBase"]
[SourceDate "2017.12.12"]
[SourceVersion "1"]
[SourceVersionDate "2017.12.12"]
[SourceQuality "1"]

1. e4 c5 2. Nf3 e6 3. b3 d6 4. Bb2 Nf6 5. d3 Nc6 6. g3 Be7 7. Bg2 0-0 8. 0-0 d5 9. Nbd2 b6 10. Re1 d4 11. e5 Nd5 12. h4 Qc7 13. h5 h6 14. Nf1 Bb7 15. N1h2 Rae8 16. Ng4 f5 17. exf6 Nxf6 18. Nh4 Nxg4 19. Qxg4 Bxh4 20. Qxh4 Nb4 21. Re2 Bxg2 22. Kxg2 Rf5 23. Rae1 Qf7 24. Bc1 Rxh5 25. Qg4 e5 26. f4 Qd5+ 27. Re4 exf4 28. Qf3 Rhe5 29. Rxe5 Rxe5 30. Rxe5 Qxe5 31. Bxf4 Qe6 32. Qa8+ Kh7 0-1